|
|
|
|
| LEADER |
00000nam a2200000 a 4500 |
| 001 |
vtls008349755 |
| 003 |
SK-MaSNL |
| 005 |
20260301044856.0 |
| 008 |
240314s1974 xo da e n 000 0 slo |
| 015 |
|
|
|a SKSNBA1974/11-02909
|
| 035 |
|
|
|a SK01SNK19740041972
|
| 035 |
|
|
|a SKM000044435
|
| 040 |
|
|
|a SNK
|b slo
|c SNK
|e AACR2
|
| 041 |
|
|
|a slo
|
| 044 |
|
|
|a xo
|c SK
|
| 080 |
|
|
|a 51(075.8)(076.5)
|2 1981
|
| 100 |
1 |
|
|a Ležák, Ján
|4 aut
|9 6984
|
| 245 |
1 |
0 |
|a Cvičenia z matematiky pre mechanizátorov
|c sprac. Ján Ležák, Anna Trenčianska
|
| 260 |
|
|
|a Bratislava
|b Príroda
|c 1974
|
| 300 |
|
|
|a 370, [1] s.
|b ilustr., grafy
|c 4°
|
| 366 |
|
|
|e 400 výt.
|
| 500 |
|
|
|a Vyd. pre VŠP, Nitra
|
| 504 |
|
|
|a Bibliogr. odkazy
|
| 650 |
0 |
7 |
|a matematika
|2 SNKPH
|9 70174
|
| 655 |
|
7 |
|a učebnice vysokých škôl
|2 SNKPH
|9 70191
|
| 655 |
|
7 |
|a praktické cvičenia
|2 SNKPH
|9 70517
|
| 700 |
1 |
|
|a Trenčianska, Anna,
|d 1945-
|4 aut
|9 40305
|
| 710 |
2 |
|
|a Vysoká škola poľnohospodárska v Nitre
|4 pbl
|9 165743
|
| 958 |
|
|
|a OND
|
| 958 |
|
|
|a RM
|
| 958 |
|
|
|a RK
|
| 958 |
|
|
|a UV
|
| 958 |
|
|
|a NB
|
| 999 |
|
|
|c 596996
|d 598926
|
| 952 |
|
|
|a SNK
|b SNK
|y PREZ
|7 0
|p 17A0920089
|o snkSB 21491
|i snkKSP 7557/74
|0 0
|1 0
|4 0
|d 2014-04-30
|f 1
|l 0
|r 2025-03-24 00:00:00
|w 2026-02-23
|